00325 a2200145 450000100060000002000150000604000240002110000200004524000280006524500230009330000080011636200090012444000150013365000310014869719 a8516050491 cAnchieta - Itaigara aMcDonald, Megan10aDoutora Judy Moodylpor10aDoutora Judy Moody a1820 a2006 1aSalamandra 4aLiteratura infanto-juvenil